000 00489nam a2200181Ia 4500
005 20250326125632.0
008 250326s9999 xx 000 0 und d
037 _aTextbook
040 _aFMSL
_beng
_cFMSL
041 _aeng
_2eng
084 _aX:8 L0
_qFMSL
100 _aZif J J
245 0 _aReorganization player's mannual
_cZif J J
260 _aLondon
_bLondon, Creative Studies Simulation
_c1970
300 _a70p
942 _cTB
_hX:8 L0
999 _c1278891
_d1278891